Potential of cashew nut in patanakiri provinve,(សក្តានុពលដំណាំស្វាយចន្ទី នៅខេត្តរតនគិរី). (Record no. 770)
[ view plain ]
| 000 -LEADER | |
|---|---|
| fixed length control field | 00516nam a22001337a 4500 |
| 040 ## - CATALOGING SOURCE | |
| Transcribing agency | RUA |
| 082 ## - DEWEY DECIMAL CLASSIFICATION NUMBER | |
| Classification number | AGR PIT 2006 BO33 Or.1 |
| 100 ## - MAIN ENTRY--AUTHOR NAME | |
| Personal name | PITH, LINA |
| 245 ## - TITLE STATEMENT | |
| Title | Potential of cashew nut in patanakiri provinve,(សក្តានុពលដំណាំស្វាយចន្ទី នៅខេត្តរតនគិរី). |
| 260 ## - PUBLICATION, DISTRIBUTION, ETC. (IMPRINT) | |
| Place of publication | phnom phen |
| Name of publisher | RUA |
| Year of publication | 2006 |
| 300 ## - PHYSICAL DESCRIPTION | |
| Number of Pages | VIII,50p. |
| Other physical details | ill. |
| Dimensions | 29cm. |
| 856 ## - ELECTRONIC LOCATION AND ACCESS | |
| Uniform Resource Identifier | https://drive.google.com/file/d/1TWQ9nM_greUtIG3cDKUHuKP_nURkWgba/view?usp=sharing |
| 942 ## - ADDED ENTRY ELEMENTS (KOHA) | |
| Koha item type | AGI |
| 952 ## - LOCATION AND ITEM INFORMATION (KOHA) | |
| Withdrawn status [LOCAL, KOHA] | 0 |
| Koha item type | Barcode | Lost status | Permanent Location | Current Location | Date acquired | Full call number |
|---|---|---|---|---|---|---|
| AGI | A36100 | Library Block B | Library Block B | 2019-02-25 | AGR PIT 2006 B1.222 Or.1 |